[Event "DVM U20 2024"]
[Site "Breisach am Rhein GER"]
[Date "2024.12.27"]
[Round "2"]
[White "Hayen, Andre"]
[Black "Lichtinger, Simon"]
[Result "1-0"]
[Termination "normal"]
[Board "8.2"]
[WhiteElo "2045"]
[BlackElo "1909"]
[WhiteTeam "SC Untergrombach 46"]
[BlackTeam "FC Ergolding 1932"]
[PlyCount "43"]
[WhiteFideId "16278984"]
[BlackFideId "16230442"]
[EventCountry "GER"]
[EventRounds "7"]
[EventType "team-swiss"]
[EventDate "2024.12.26"]

1. e4 c5 2. Nf3 e6 3. d4 cxd4 4. Nxd4 a6 5. g3 b5 6. Bg2 Bb7 7. O-O Qc7 8. Be3
Nf6 9. Nd2 d6 10. c4 Nc6 11. cxb5 Nxd4 12. Bxd4 e5 13. b6 Qd7 14. Be3 Be7 15.
Rc1 Bc6 16. Rc3 O-O 17. Qc2 Rac8 18. Rc1 Bb7 19. Nc4 Rc6 20. Nxe5 Rxc3 21. Nxd7
Rxc2 22. Nxf6+ 1-0

[Event "DVM U20 2024"]
[Site "Breisach am Rhein GER"]
[Date "2024.12.27"]
[Round "2"]
[White "Klein, Maxim"]
[Black "Doll, Rebecca"]
[Result "0-1"]
[Termination "normal"]
[Board "8.3"]
[WhiteElo "1701"]
[BlackElo "1987"]
[WhiteTeam "FC Ergolding 1932"]
[BlackTeam "SC Untergrombach 46"]
[PlyCount "82"]
[WhiteFideId "16281632"]
[BlackFideId "16236890"]
[EventCountry "GER"]
[EventRounds "7"]
[EventType "team-swiss"]
[EventDate "2024.12.26"]

1. e4 e5 2. Nf3 Nc6 3. Bc4 Bc5 4. c3 Nf6 5. d3 a6 6. Bb3 Ba7 7. Nbd2 O-O 8. O-O
d6 9. Re1 Ng4 10. d4 exd4 11. cxd4 Nxd4 12. Rf1 Qf6 13. Nxd4 Bxd4 14. Nf3 Bb6
15. Rb1 h6 16. Bd2 Ne5 17. Nxe5 dxe5 18. Kh1 Qg6 19. Bc2 Rd8 20. Qe1 Be6 21. f4
exf4 22. Rxf4 Bxa2 23. Rc1 Qd6 24. Rd1 Qc5 25. Rc1 Qg1+ 26. Qxg1 Bxg1 27. Kxg1
Rxd2 28. b3 c5 29. e5 b5 30. Be4 Rad8 31. Rxc5 Bxb3 32. Rc3 Bc4 33. Ra3 Ra2 34.
Rxa2 Bxa2 35. Bb7 a5 36. Rf1 Bc4 37. Ra1 a4 38. Bf3 Rd2 39. Bd1 a3 40. Bf3 b4
41. Be4 Bd5 0-1

[Event "DVM U20 2024"]
[Site "Breisach am Rhein GER"]
[Date "2024.12.27"]
[Round "2"]
[White "Toth, Marc"]
[Black "Lohr, Alexander"]
[Result "1-0"]
[Termination "normal"]
[Board "8.4"]
[WhiteElo "1793"]
[BlackElo "1612"]
[WhiteTeam "SC Untergrombach 46"]
[BlackTeam "FC Ergolding 1932"]
[PlyCount "75"]
[WhiteFideId "16260210"]
[BlackFideId "16297865"]
[EventCountry "GER"]
[EventRounds "7"]
[EventType "team-swiss"]
[EventDate "2024.12.26"]

1. e4 c5 2. Nf3 e6 3. d4 cxd4 4. Nxd4 Nf6 5. Nc3 Nc6 6. a3 d6 7. Be2 Be7 8. O-O
O-O 9. Be3 a6 10. Kh1 e5 11. Nb3 Be6 12. f4 exf4 13. Bxf4 Qd7 14. Nd4 Nxd4 15.
Qxd4 Rfd8 16. Rad1 Rac8 17. Qe3 d5 18. Qg3 d4 19. Be5 Bd6 20. Rxd4 Bxe5 21.
Rxd7 Bxg3 22. Rxd8+ Rxd8 23. hxg3 Bg4 24. Bf3 Rd2 25. Rd1 Rxd1+ 26. Nxd1 h5 27.
Ne3 Kf8 28. e5 Bxf3 29. gxf3 Nd7 30. f4 g5 31. Kg2 Ke7 32. Kf3 Ke6 33. Ke4 f6
34. f5+ Ke7 35. Nd5+ Kf8 36. e6 Ne5 37. e7+ Kf7 38. e8=Q+ 1-0

[Event "DVM U20 2024"]
[Site "Breisach am Rhein GER"]
[Date "2024.12.27"]
[Round "2"]
[White "Lieder, Dominik"]
[Black "Jung, Niklas"]
[Result "1-0"]
[Termination "normal"]
[Board "8.5"]
[WhiteElo "1568"]
[BlackElo "1722"]
[WhiteTeam "FC Ergolding 1932"]
[BlackTeam "SC Untergrombach 46"]
[PlyCount "120"]
[WhiteFideId "16281209"]
[BlackFideId "16280601"]
[EventCountry "GER"]
[EventRounds "7"]
[EventType "team-swiss"]
[EventDate "2024.12.26"]

1. e4 c5 2. Nf3 Nc6 3. b3 e6 4. Bb2 Nf6 5. e5 Nd5 6. g3 Qc7 7. Na3 a6 8. c4
Nde7 9. Bg2 g6 10. h4 h5 11. Qe2 Bg7 12. Nc2 Nf5 13. O-O b6 14. Rfe1 Bb7 15.
Ng5 a5 16. Kh2 O-O 17. f4 Rad8 18. Nf3 Qc8 19. d4 cxd4 20. Ncxd4 Ncxd4 21. Nxd4
Bxg2 22. Qxg2 d5 23. Nxf5 gxf5 24. Rac1 Qa8 25. Red1 Rd7 26. cxd5 exd5 27. Qc2
Rfd8 28. Qxf5 d4 29. Rd3 a4 30. Qxh5 axb3 31. axb3 Qe4 32. Qf3 Qxf3 33. Rxf3 d3
34. Rd1 Bf8 35. Kg2 Bb4 36. Bc1 d2 37. Bb2 Rc8 38. Kf1 Rc2 39. Ba1 Rc1 40. Ke2
Kf8 41. Rff1 Rc2 42. h5 Kg8 43. g4 Ba3 44. f5 Bc1 45. g5 Rd5 46. Rf3 Ra2 47.
Bc3 Ra3 48. e6 fxe6 49. f6 Rxg5 50. f7+ Kf8 51. Bb4+ Rc5 52. Bxa3 Bxa3 53. Rxd2
Re5+ 54. Kf1 Be7 55. Rg2 Rf5 56. Rxf5 exf5 57. h6 Kxf7 58. h7 Bf6 59. Rg8 Ke6
60. h8=Q Bxh8 1-0

[Event "DVM U20 2024"]
[Site "Breisach am Rhein GER"]
[Date "2024.12.27"]
[Round "2"]
[White "Wettstein, Levin"]
[Black "Paringer, Jakob"]
[Result "1-0"]
[Termination "normal"]
[Board "8.6"]
[WhiteElo "1741"]
[BlackElo "1531"]
[WhiteTeam "SC Untergrombach 46"]
[BlackTeam "FC Ergolding 1932"]
[PlyCount "73"]
[WhiteFideId "34635866"]
[BlackFideId "34605134"]
[EventCountry "GER"]
[EventRounds "7"]
[EventType "team-swiss"]
[EventDate "2024.12.26"]

1. e4 c5 2. Nc3 d6 3. Nf3 Nf6 4. d4 cxd4 5. Nxd4 a6 6. Bc4 e6 7. Bg5 b5 8. Bb3
Be7 9. a3 Bb7 10. Qe2 Nc6 11. Nxc6 Bxc6 12. f3 Qc7 13. O-O-O O-O 14. Bf4 Rfd8
15. Kb1 Qb7 16. e5 dxe5 17. Bxe5 a5 18. Rxd8+ Rxd8 19. Rd1 Rxd1+ 20. Qxd1 b4
21. axb4 Qxb4 22. Qd3 a4 23. Qa6 axb3 24. Qxc6 bxc2+ 25. Kxc2 h6 26. Bxf6 Bxf6
27. Qe8+ Qf8 28. Qxf8+ Kxf8 29. Ne4 Be7 30. Kd3 f5 31. Nc3 Ke8 32. Kc4 Kd7 33.
b4 Kc6 34. b5+ Kb6 35. Na4+ Kc7 36. Nc5 Bxc5 37. Kxc5 1-0

[Event "DVM U20 2024"]
[Site "Breisach am Rhein GER"]
[Date "2024.12.28"]
[Round "3"]
[White "Gallasch, Jonas"]
[Black "Bethke, Richard"]
[Result "0-1"]
[Termination "normal"]
[Board "1.1"]
[WhiteTitle "FM"]
[BlackTitle "FM"]
[WhiteElo "2309"]
[BlackElo "2371"]
[WhiteTeam "SG Porz"]
[BlackTeam "SF Neuberg"]
[PlyCount "62"]
[WhiteFideId "16222474"]
[BlackFideId "12959243"]
[EventCountry "GER"]
[EventRounds "7"]
[EventType "team-swiss"]
[EventDate "2024.12.26"]

1. d4 Nf6 2. c4 e6 3. Nc3 Bb4 4. e3 b6 5. Bd2 Bb7 6. Nf3 O-O 7. Bd3 d5 8. cxd5
exd5 9. O-O Nbd7 10. Rc1 a6 11. Ne5 c5 12. a3 Ba5 13. f4 Rc8 14. Be1 Nxe5 15.
dxe5 Ne4 16. Bxe4 dxe4 17. Qxd8 Rfxd8 18. Na4 Bxe1 19. Rfxe1 Rc6 20. Red1 Rd3
21. Kf2 f6 22. exf6 gxf6 23. Ke2 Rcd6 24. g4 f5 25. gxf5 Kf7 26. h3 Bc6 27. Nc3
Kf6 28. Rxd3 Rxd3 29. Rd1 Kxf5 30. Nxe4 Kxe4 31. Rxd3 Bb5 0-1

[Event "DVM U20 2024"]
[Site "Breisach am Rhein GER"]
[Date "2024.12.28"]
[Round "3"]
[White "Baranyai-Molnar, Adam-Kristof"]
[Black "Gluma, Christian"]
[Result "1-0"]
[Termination "normal"]
[Board "1.2"]
[WhiteElo "2250"]
[BlackElo "2145"]
[WhiteTeam "SF Neuberg"]
[BlackTeam "SG Porz"]
[PlyCount "127"]
[WhiteFideId "768022"]
[BlackFideId "16223209"]
[EventCountry "GER"]
[EventRounds "7"]
[EventType "team-swiss"]
[EventDate "2024.12.26"]

1. e4 c6 2. d4 d5 3. e5 a6 4. Nc3 e6 5. Nce2 c5 6. c3 Bd7 7. f4 Qb6 8. Nf3 Bb5
9. Ng3 g6 10. Be2 Nc6 11. O-O h5 12. Bxb5 axb5 13. Be3 Nh6 14. Kh1 b4 15. Ng5
h4 16. Ne2 Nf5 17. Rf3 Be7 18. dxc5 Nxe3 19. Rxe3 Qxc5 20. Qd2 Bxg5 21. fxg5
Qe7 22. cxb4 Qxg5 23. b5 Nxe5 24. Qd4 Rh5 25. Nf4 Nc4 26. Ree1 h3 27. Nxh3 Qh4
28. Qg7 Ke7 29. b3 Nd6 30. Rac1 Rc8 31. Rf1 Rf5 32. Rg1 Qf6 33. Qxf6+ Kxf6 34.
Rxc8 Nxc8 35. a4 Nd6 36. Rd1 g5 37. Kg1 Ne4 38. a5 Nc3 39. a6 bxa6 40. bxa6 Nb5
41. b4 g4 42. Nf2 Rf4 43. Nd3 Rd4 44. Kf2 e5 45. Ke3 Rc4 46. Ra1 d4+ 47. Kd2 e4
48. Ra5 Nc7 49. Rc5 e3+ 50. Ke2 Rxc5 51. Nxc5 Nb5 52. Kd3 Ke5 53. Nb3 e2 54.
Kxe2 Ke4 55. Nc5+ Kd5 56. Kd3 f5 57. Nb3 f4 58. Nxd4 Nc7 59. a7 Na8 60. b5 Nb6
61. Nb3 g3 62. hxg3 fxg3 63. Nd2 Kc5 64. Nc4 1-0

[Event "DVM U20 2024"]
[Site "Breisach am Rhein GER"]
[Date "2024.12.28"]
[Round "3"]
[White "Menzel, Maximilian"]
[Black "Eull, Emil"]
[Result "1/2-1/2"]
[Termination "normal"]
[Board "1.3"]
[WhiteElo "2173"]
[BlackElo "2145"]
[WhiteTeam "SG Porz"]
[BlackTeam "SF Neuberg"]
[PlyCount "116"]
[WhiteFideId "34617280"]
[BlackFideId "16253809"]
[EventCountry "GER"]
[EventRounds "7"]
[EventType "team-swiss"]
[EventDate "2024.12.26"]

1. d4 d5 2. Nf3 Nf6 3. c4 e6 4. g3 dxc4 5. Bg2 a6 6. O-O Nc6 7. Nbd2 Nxd4 8.
Nxc4 Nxf3+ 9. Bxf3 Qxd1 10. Rxd1 Be7 11. Na5 Bb4 12. Bd2 Bxd2 13. Rxd2 Ra7 14.
Rad1 Rg8 15. Rc1 c6 16. Nc4 Ke7 17. Rcd1 Bd7 18. Nb6 Rd8 19. e4 a5 20. Be2 a4
21. a3 Ra5 22. f3 h6 23. Kg2 g5 24. g4 Ke8 25. Kg1 Ke7 26. Kf1 Ke8 27. Ke1 Ke7
28. Kf2 h5 29. h3 h4 30. Kg2 Ke8 31. Bc4 Ke7 32. Kf2 Re5 33. Bf1 Ra5 34. Rd4
Raa8 35. Nxa8 Rxa8 36. Rc1 e5 37. Rd2 b5 38. Ke3 Ne8 39. Rcd1 Ra7 40. Be2 Ng7
41. Rd6 Ne6 42. R1d2 f6 43. Rd1 Nf4 44. Bf1 Rc7 45. R6d2 Ne6 46. Be2 Rb7 47.
Bf1 Be8 48. Rc1 Rc7 49. Rcd1 Rd7 50. Rxd7+ Bxd7 51. Be2 Be8 52. Rb1 Nd4 53. Bd1
Bf7 54. Rc1 Kd6 55. Be2 c5 56. Bd1 Be6 57. Rb1 Bc4 58. Rc1 Be6 1/2-1/2

[Event "DVM U20 2024"]
[Site "Breisach am Rhein GER"]
[Date "2024.12.28"]
[Round "3"]
[White "Nagel, Daniel"]
[Black "Sabirov, Rafael"]
[Result "0-1"]
[Termination "normal"]
[Board "1.4"]
[WhiteElo "1985"]
[BlackElo "2145"]
[WhiteTeam "SF Neuberg"]
[BlackTeam "SG Porz"]
[PlyCount "100"]
[WhiteFideId "34605126"]
[BlackFideId "16241185"]
[EventCountry "GER"]
[EventRounds "7"]
[EventType "team-swiss"]
[EventDate "2024.12.26"]

1. d4 d5 2. Nf3 Nf6 3. g3 Bf5 4. Bg2 e6 5. c4 h6 6. Nc3 c6 7. Qb3 Qb6 8. c5
Qxb3 9. axb3 Na6 10. Ra4 Nd7 11. O-O g5 12. Bd2 Nc7 13. b4 Bg7 14. h3 a6 15.
Re1 Bc2 16. Raa1 O-O 17. h4 g4 18. Nh2 h5 19. Bf4 Nb5 20. Nxb5 axb5 21. Rac1
Bg6 22. e4 Bxd4 23. exd5 exd5 24. Re7 Bf5 25. Nf1 Bxb2 26. Rd1 Be6 27. Re1 Rfe8
28. R1xe6 fxe6 29. Rxd7 e5 30. Bg5 Bd4 31. Bh6 Re6 32. Bg5 Rf8 33. Ne3 Bxe3 34.
fxe3 Rf7 35. Rd8+ Kg7 36. Rb8 Rd7 37. Ra8 e4 38. Ra2 d4 39. exd4 Rxd4 40. Re2
Rxb4 41. Be3 Re8 42. Kf2 Kg6 43. Rd2 Ra8 44. Bf1 Rb3 45. Bg2 Kf5 46. Re2 Ra4
47. Bf4 Rc3 48. Be3 Rac4 49. Bf4 b4 50. Bh6 e3+ 0-1

[Event "DVM U20 2024"]
[Site "Breisach am Rhein GER"]
[Date "2024.12.28"]
[Round "3"]
[White "Kruse, Victor"]
[Black "Feick, Claas Marten"]
[Result "0-1"]
[Termination "normal"]
[Board "1.5"]
[WhiteElo "2043"]
[BlackElo "1840"]
[WhiteTeam "SG Porz"]
[BlackTeam "SF Neuberg"]
[PlyCount "46"]
[WhiteFideId "16256964"]
[BlackFideId "34634169"]
[EventCountry "GER"]
[EventRounds "7"]
[EventType "team-swiss"]
[EventDate "2024.12.26"]

1. d4 f5 2. c4 Nf6 3. g3 g6 4. Bg2 Bg7 5. Nf3 O-O 6. O-O d6 7. Nc3 c6 8. d5 e5
9. dxe6 Bxe6 10. b3 Ne4 11. Nxe4 fxe4 12. Nd4 Qd7 13. Nxe6 Qxe6 14. Rb1 d5 15.
f3 exf3 16. cxd5 Qe4 17. Bxf3 Qxb1 18. Qd2 Rxf3 19. exf3 Qf5 20. Re1 Nd7 21.
dxc6 Qc5+ 22. Kg2 Qxc6 23. Ba3 Bc3 0-1

[Event "DVM U20 2024"]
[Site "Breisach am Rhein GER"]
[Date "2024.12.28"]
[Round "3"]
[White "Pomrehn, Ole Magnus"]
[Black "Kliffken, Julian"]
[Result "0-1"]
[Termination "normal"]
[Board "1.6"]
[WhiteElo "1735"]
[BlackElo "1767"]
[WhiteTeam "SF Neuberg"]
[BlackTeam "SG Porz"]
[PlyCount "140"]
[WhiteFideId "16232704"]
[BlackFideId "16298071"]
[EventCountry "GER"]
[EventRounds "7"]
[EventType "team-swiss"]
[EventDate "2024.12.26"]

1. c4 Nf6 2. Nc3 e6 3. Nf3 d5 4. cxd5 exd5 5. d4 c6 6. Bf4 Bd6 7. Bxd6 Qxd6 8.
e3 Bf5 9. Bd3 Bxd3 10. Qxd3 Nbd7 11. h3 O-O 12. O-O Rae8 13. Nd2 Re6 14. a3
Rfe8 15. b4 Ne4 16. Ndxe4 dxe4 17. Qd2 Rg6 18. Rad1 Rg5 19. Ne2 Nb6 20. Nf4 Nd5
21. Nxd5 Qxd5 22. Rc1 b6 23. Qe2 Re6 24. g3 h5 25. Kh2 Reg6 26. Rg1 Qd6 27. h4
Rg4 28. Kh1 Rf6 29. Rg2 g5 30. hxg5 Rg6 31. f4 exf3 32. Qxf3 R4xg5 33. Rf1 Rg7
34. Rfg1 Rg4 35. Qf5 h4 36. Rh2 Rxg3 37. Qc8+ Qf8 38. Qxf8+ Kxf8 39. Rxg3 Rxg3
40. Rxh4 Rxe3 41. Rh6 Rxa3 42. Rxc6 Ra4 43. Rc8+ Kg7 44. d5 Rxb4 45. d6 Rd4 46.
Rc7 Rxd6 47. Rxa7 Rg6 48. Rb7 Rf6 49. Kg2 Kg6 50. Kg3 Kf5 51. Kf3 Ke5+ 52. Ke3
Kd5 53. Rd7+ Kc5 54. Rc7+ Kb4 55. Rb7 b5 56. Kd4 Rf1 57. Ra7 f5 58. Ra2 f4 59.
Rb2+ Ka4 60. Ra2+ Kb3 61. Rd2 b4 62. Kd3 Ka3 63. Ke2 Rh1 64. Kf3 b3 65. Rd8 b2
66. Ra8+ Kb3 67. Rb8+ Kc3 68. Rc8+ Kd4 69. Rd8+ Ke5 70. Re8+ Kd6 0-1

[Event "DVM U20 2024"]
[Site "Breisach am Rhein GER"]
[Date "2024.12.28"]
[Round "3"]
[White "Schuricht, Emil Frederick"]
[Black "Garner, Isaac"]
[Result "1/2-1/2"]
[Termination "normal"]
[Board "2.1"]
[WhiteElo "2357"]
[BlackElo "2334"]
[WhiteTeam "Krefelder SK Turm 1851"]
[BlackTeam "Hamburger SK 1830"]
[PlyCount "38"]
[WhiteFideId "16270185"]
[BlackFideId "16239261"]
[EventCountry "GER"]
[EventRounds "7"]
[EventType "team-swiss"]
[EventDate "2024.12.26"]

1. c4 e6 2. Nf3 d5 3. g3 Nf6 4. Bg2 Be7 5. O-O O-O 6. d4 a5 7. Qc2 Nc6 8. a3
dxc4 9. Qxc4 a4 10. Nc3 Bd7 11. Ne5 Na5 12. Qd3 Nb3 13. Rb1 Nxc1 14. Rbxc1 c6
15. Qc2 Be8 16. e3 Qa5 17. Bf3 Nd5 18. Be4 f6 19. Nc4 Qa7 1/2-1/2

[Event "DVM U20 2024"]
[Site "Breisach am Rhein GER"]
[Date "2024.12.28"]
[Round "3"]
[White "Weihrauch, Jakob"]
[Black "Panjer, Sidney"]
[Result "1-0"]
[Termination "normal"]
[Board "2.2"]
[WhiteTitle "FM"]
[WhiteElo "2246"]
[BlackElo "2193"]
[WhiteTeam "Hamburger SK 1830"]
[BlackTeam "Krefelder SK Turm 1851"]
[PlyCount "67"]
[WhiteFideId "16210115"]
[BlackFideId "16207041"]
[EventCountry "GER"]
[EventRounds "7"]
[EventType "team-swiss"]
[EventDate "2024.12.26"]

1. e4 e5 2. Nf3 Nc6 3. Bb5 a6 4. Ba4 Nf6 5. O-O b5 6. Bb3 Bc5 7. a4 Rb8 8. axb5
axb5 9. Nxe5 Nxe5 10. d4 Bxd4 11. Qxd4 d6 12. f4 Nc6 13. Qd3 O-O 14. Nc3 Nb4
15. Qd2 c5 16. e5 dxe5 17. fxe5 c4 18. exf6 Qxd2 19. Bxd2 cxb3 20. Ne4 Nxc2 21.
fxg7 Kxg7 22. Bc3+ f6 23. Nxf6 Kg6 24. Nd5 Bb7 25. Ne7+ Kh5 26. Rxf8 Rxf8 27.
Ra5 Kh6 28. Rxb5 Be4 29. g4 Rf1+ 30. Kxf1 Bd3+ 31. Kf2 Bxb5 32. Kg3 Kg5 33. Bg7
h5 34. h4# 1-0

[Event "DVM U20 2024"]
[Site "Breisach am Rhein GER"]
[Date "2024.12.28"]
[Round "3"]
[White "Nezhyvenko, Mykhaylo"]
[Black "Avdic, Faris"]
[Result "1/2-1/2"]
[Termination "normal"]
[Board "2.3"]
[WhiteElo "2080"]
[BlackElo "2241"]
[WhiteTeam "Krefelder SK Turm 1851"]
[BlackTeam "Hamburger SK 1830"]
[PlyCount "70"]
[WhiteFideId "34139885"]
[BlackFideId "14422328"]
[EventCountry "GER"]
[EventRounds "7"]
[EventType "team-swiss"]
[EventDate "2024.12.26"]

1. e4 c5 2. Nf3 d6 3. Bb5+ Nc6 4. a4 a6 5. Be2 Nf6 6. Nc3 g6 7. d4 cxd4 8. Nxd4
Bg7 9. Be3 O-O 10. O-O Bd7 11. f3 Qb6 12. Qd3 Ne5 13. Qd2 Qc7 14. a5 Rac8 15.
Na4 Bxa4 16. Rxa4 Nfd7 17. Rc1 Rfd8 18. c4 e6 19. b3 d5 20. cxd5 Qxc1+ 21. Qxc1
Rxc1+ 22. Bxc1 Nc5 23. Ra2 exd5 24. exd5 Ned3 25. Be3 Rxd5 26. Bxd3 Nxd3 27.
Ne2 Rb5 28. Rd2 Rd5 29. Rc2 h6 30. Bb6 Rb5 31. Nc1 Nxc1 32. Rxc1 Be5 33. Rc8+
Kg7 34. Rd8 Rxb3 35. Rd7 Kg8 1/2-1/2

[Event "DVM U20 2024"]
[Site "Breisach am Rhein GER"]
[Date "2024.12.28"]
[Round "3"]
[White "Fuhrmann, Bahne"]
[Black "Lübke, Robin"]
[Result "1-0"]
[Termination "normal"]
[Board "2.4"]
[WhiteElo "2233"]
[BlackElo "2033"]
[WhiteTeam "Hamburger SK 1830"]
[BlackTeam "Krefelder SK Turm 1851"]
[PlyCount "141"]
[WhiteFideId "16244842"]
[BlackFideId "34629670"]
[EventCountry "GER"]
[EventRounds "7"]
[EventType "team-swiss"]
[EventDate "2024.12.26"]

1. d4 Nf6 2. c4 e6 3. g3 d5 4. Bg2 Bb4+ 5. Nd2 Nbd7 6. Nf3 O-O 7. O-O c6 8. Qc2
b6 9. e4 dxe4 10. Nxe4 Nxe4 11. Qxe4 Bb7 12. Qc2 Bd6 13. Ng5 g6 14. Ne4 Be7 15.
Bf4 c5 16. dxc5 e5 17. Bh6 Nxc5 18. Bxf8 Bxf8 19. Rad1 Qe7 20. Nxc5 Bxg2 21.
Kxg2 Qxc5 22. Rd5 Qc7 23. Rfd1 Rc8 24. b3 Bc5 25. Rd7 Qc6+ 26. R1d5 Bd4 27. Qe4
Rc7 28. R7d6 Qb7 29. Qh4 Bc5 30. Qd8+ Kg7 31. Qf6+ Kh6 32. Qxe5 Bxd6 33. Qxd6
Re7 34. Qf6 Re6 35. Qc3 Qe7 36. g4 f6 37. Qd2+ g5 38. Rd7 Qc5 39. Rxa7 Rd6 40.
Qc2 Qc6+ 41. f3 Rd7 42. Rxd7 Qxd7 43. b4 Kg7 44. c5 bxc5 45. bxc5 Qc6 46. a4 h6
47. a5 Kf8 48. Qc4 Qb7 49. Qc2 Qc6 50. Qc4 Qb7 51. c6 Qb2+ 52. Kh3 Qa3 53. Kg3
Qd6+ 54. Kg2 Qd2+ 55. Kh3 Qd1 56. Qc5+ Kf7 57. Qe3 Qf1+ 58. Kg3 Qc4 59. Qa7+
Kg6 60. c7 Qf4+ 61. Kg2 Qd2+ 62. Kh3 Qe2 63. Kg3 Qe1+ 64. Kg2 Qe2+ 65. Qf2 Qc4
66. a6 Qxc7 67. a7 Qc6 68. Qa2 Qa8 69. Qc2+ Kg7 70. Qc7+ Kg6 71. Qb8 1-0

[Event "DVM U20 2024"]
[Site "Breisach am Rhein GER"]
[Date "2024.12.28"]
[Round "3"]
[White "Schuricht, Paul Alexander"]
[Black "Reyes-Mantilla, Andrés Mauricio"]
[Result "0-1"]
[Termination "normal"]
[Board "2.5"]
[WhiteElo "1856"]
[BlackElo "2085"]
[WhiteTeam "Krefelder SK Turm 1851"]
[BlackTeam "Hamburger SK 1830"]
[PlyCount "70"]
[WhiteFideId "16270177"]
[BlackFideId "4467248"]
[EventCountry "GER"]
[EventRounds "7"]
[EventType "team-swiss"]
[EventDate "2024.12.26"]

1. d4 Nf6 2. c4 e6 3. g3 d5 4. Bg2 Bb4+ 5. Nd2 O-O 6. Nf3 b6 7. O-O Bb7 8. a3
Bd6 9. Qc2 c5 10. dxc5 bxc5 11. cxd5 exd5 12. e4 Re8 13. exd5 Bxd5 14. Nc4 Bf8
15. Rd1 Nbd7 16. Bg5 Be4 17. Qa4 h6 18. Bxf6 Qxf6 19. Rxd7 Bxf3 20. Rxa7 Bxg2
21. Kxg2 Re2 22. Rf1 Rae8 23. Qd7 h5 24. h4 R8e7 25. Qa4 R7e4 26. Qb3 Qe6 27.
Ra4 Rd4 28. Rd1 Qd5+ 29. Kf1 Rxf2+ 30. Kxf2 Rxd1 31. Ra7 Rd3 32. Qc2 Qf3+ 33.
Ke1 Qxg3+ 34. Ke2 Qf3+ 35. Ke1 Qe4+ 0-1

[Event "DVM U20 2024"]
[Site "Breisach am Rhein GER"]
[Date "2024.12.28"]
[Round "3"]
[White "Kort, Felix"]
[Black "Jovanovic, Lucas"]
[Result "1-0"]
[Termination "normal"]
[Board "2.6"]
[WhiteElo "2047"]
[BlackElo "1793"]
[WhiteTeam "Hamburger SK 1830"]
[BlackTeam "Krefelder SK Turm 1851"]
[PlyCount "119"]
[WhiteFideId "16220129"]
[BlackFideId "34624406"]
[EventCountry "GER"]
[EventRounds "7"]
[EventType "team-swiss"]
[EventDate "2024.12.26"]

1. d4 d5 2. c4 dxc4 3. Nf3 Nf6 4. e3 c5 5. Bxc4 e6 6. O-O a6 7. dxc5 Qxd1 8.
Rxd1 Bxc5 9. Be2 O-O 10. Nbd2 Rd8 11. Ne5 Nbd7 12. Nb3 Be7 13. Nc4 b5 14. Nca5
Nb6 15. Bd2 Bd7 16. Bf3 Nfd5 17. e4 Nf6 18. Bf4 Be8 19. Rdc1 Rdc8 20. Be3 Na4
21. Bd4 Rxc1+ 22. Rxc1 Rd8 23. g3 h6 24. Nc6 Bxc6 25. Rxc6 Ra8 26. e5 Nh7 27.
Rc7 Bd8 28. Bxa8 Bxc7 29. Bb7 Ng5 30. h4 Nh7 31. Bxa6 b4 32. Bb5 Nb6 33. Nc5
Nd5 34. Nd3 Nf8 35. Bc4 Nb6 36. Bb3 Nfd7 37. f4 g5 38. Nxb4 gxh4 39. gxh4 Kg7
40. h5 Bd8 41. a4 Be7 42. Nd3 Na8 43. Bc4 Bd8 44. b4 Ndb6 45. Bb5 Nd5 46. Bc6
Nab6 47. a5 Nxb4 48. Nxb4 Nc8 49. a6 Ba5 50. Nd3 Bd8 51. a7 Nxa7 52. Bxa7 Ba5
53. Bc5 Bc3 54. Be7 Ba5 55. Kg2 Bc3 56. Kf3 Ba5 57. Nf2 Bc7 58. Ng4 Bb8 59.
Bf6+ Kh7 60. Be4+ 1-0

[Event "DVM U20 2024"]
[Site "Breisach am Rhein GER"]
[Date "2024.12.28"]
[Round "3"]
[White "Mankel, Luca"]
[Black "Kamp, Adrian"]
[Result "1/2-1/2"]
[Termination "normal"]
[Board "3.1"]
[WhiteElo "1998"]
[BlackElo "2152"]
[WhiteTeam "TSG Oberschöneweide"]
[BlackTeam "SK Münster 32"]
[PlyCount "115"]
[WhiteFideId "16253876"]
[BlackFideId "16222466"]
[EventCountry "GER"]
[EventRounds "7"]
[EventType "team-swiss"]
[EventDate "2024.12.26"]

1. e4 c5 2. d4 cxd4 3. Qxd4 Nc6 4. Qd3 g6 5. Nc3 Bg7 6. Nf3 d6 7. Be2 Nf6 8.
O-O O-O 9. Nd5 Bg4 10. c3 Nxd5 11. exd5 Ne5 12. Nxe5 Bxe2 13. Qxe2 Bxe5 14. Bh6
Re8 15. f4 Bf6 16. f5 Qa5 17. Rad1 Qxa2 18. fxg6 hxg6 19. Qf2 Qc4 20. Be3 Qh4
21. g3 Qh5 22. Bxa7 Kg7 23. Bd4 Bxd4 24. Rxd4 Rf8 25. Qe3 Rh8 26. Rh4 Qxd5 27.
Qxe7 Rxh4 28. Qf6+ Kg8 29. Qxh4 Re8 30. Qf6 b5 31. Qf3 Qc5+ 32. Kg2 Qc4 33. Rf2
Re1 34. Qf4 Qd5+ 35. Qf3 Qc4 36. Qf4 Qd5+ 37. Qf3 Qb3 38. Qf6 Qe6 39. Qxe6 fxe6
40. Rf1 Re4 41. Rd1 d5 42. Kf3 b4 43. Rd4 bxc3 44. bxc3 Re5 45. c4 Kf7 46. cxd5
exd5 47. h4 Ke6 48. Rg4 Kf6 49. Rf4+ Ke6 50. Rg4 Rf5+ 51. Rf4 d4 52. Rxf5 Kxf5
53. g4+ Ke5 54. h5 gxh5 55. gxh5 Kf5 56. Ke2 Kg5 57. Kd3 Kxh5 58. Kxd4 1/2-1/2

[Event "DVM U20 2024"]
[Site "Breisach am Rhein GER"]
[Date "2024.12.28"]
[Round "3"]
[White "Weidemann, Jakob"]
[Black "Hommel, Niclas"]
[Result "1/2-1/2"]
[Termination "normal"]
[Board "3.2"]
[WhiteElo "2221"]
[BlackElo "2125"]
[WhiteTeam "SK Münster 32"]
[BlackTeam "TSG Oberschöneweide"]
[PlyCount "43"]
[WhiteFideId "16255470"]
[BlackFideId "12974927"]
[EventCountry "GER"]
[EventRounds "7"]
[EventType "team-swiss"]
[EventDate "2024.12.26"]

1. e4 c5 2. Nf3 e6 3. d4 cxd4 4. Nxd4 Nc6 5. Nc3 Qc7 6. g3 a6 7. Bg2 Nf6 8. O-O
Nxd4 9. Qxd4 Bc5 10. Bf4 d6 11. Qd2 h6 12. Rfd1 e5 13. Be3 Be6 14. Bxc5 dxc5
15. Qd6 Qxd6 16. Rxd6 Ke7 17. Rb6 Rab8 18. Nd5+ Kd7 19. Nxf6+ gxf6 20. Rd1+ Kc7
21. Rbd6 Rbd8 22. Rxd8 1/2-1/2

[Event "DVM U20 2024"]
[Site "Breisach am Rhein GER"]
[Date "2024.12.28"]
[Round "3"]
[White "Mimkes, Pavel"]
[Black "Schröder, Lennart"]
[Result "1-0"]
[Termination "normal"]
[Board "3.3"]
[WhiteElo "1998"]
[BlackElo "2127"]
[WhiteTeam "TSG Oberschöneweide"]
[BlackTeam "SK Münster 32"]
[PlyCount "45"]
[WhiteFideId "12990833"]
[BlackFideId "16222490"]
[EventCountry "GER"]
[EventRounds "7"]
[EventType "team-swiss"]
[EventDate "2024.12.26"]

1. b3 d5 2. Bb2 Nf6 3. Nf3 g6 4. g3 Bg7 5. Bg2 O-O 6. c4 c6 7. O-O a5 8. d4 a4
9. bxa4 Bf5 10. cxd5 cxd5 11. Nc3 Nc6 12. Rc1 Ne4 13. e3 Qa5 14. Nh4 Rfd8 15.
Nxf5 gxf5 16. g4 fxg4 17. Nxe4 dxe4 18. Bxe4 Qxa4 19. Qxg4 Qxa2 20. Kh1 Rd6 21.
Ra1 Qxb2 22. Rxa8+ Rd8 23. Rg1 1-0